Responses for show #3399 - Thursday, May 20, 1999

1999-A Celebrity Jeopardy! game 4.

Contestants

Steve Harris, an actor from The Practice

Wendie Malick, an actress from Just Shoot Me!

Mike Farrell, an actor from Providence

Jeopardy! Round responses

MUSIC
CLASSIC SITCOMS
LIQUOR BY LABEL
JUST CHUTE ME
WHO PLAYED 'EM?
(Alex: A whole category that refers to films.)
RHYMES WITH 8
    $100 1
The Addams Family

Mike
    $100 7
ripcord

Wendie
    $200 2
Dr. Frasier Crane

Steve
    $200 18
vodka

Mike
    $200 8
freefall

Mike
    $200 14
bait

Mike
    $300 21
(Wendie: What is G?)
[Other choices were not mentioned.]

A, D, E, or G

Wendie
    $300 3
The Brady Bunch

Mike
    $300 15
champagne

Wendie
    $300 9
(Wendie: What is a helium balloon?)
(Mike: What is a tower?)

hot-air balloon

MikeWendie
Triple Stumper
    $300 4
late

Steve
    $400 5
Bewitched

Mike
    $400 16
tequila

Mike
    $400 12
nylon

Wendie
    $400 19
(Alex: In Taxi Driver.)

Robert De Niro

Wendie
    $400 10
weight

Mike
    $500 22
[The end-of-round signal sounds.]

a cappella

Wendie
    $500 6
Archie Bunker

Wendie
    $500 17
(Alex: Minute to go.)

gin

Mike
    $500 13
(Wendie: Who is Descartes?... I don't know!)

Leonardo da Vinci

MikeWendie
    $500 20
(Alex: In "Gentlemen Prefer Blondes".)

Marilyn Monroe

Triple Stumper
    $500 11
pate

Mike

Scores at the first commercial break (after clue 11):

Mike Wendie Steve
$1,600 $300 $500

Scores at the end of the Jeopardy! Round:

Mike Wendie Steve
$3,400 $1,700 $500

Double Jeopardy! Round responses

SHORT BIOS
LITERARY TOURISM
TURN OF THE 2nd MILLENNIUM
(Alex: Be careful on that one!)
KATHARINE HEPBURN FILMS
PROVIDENCE
ABBREV.
    $200 23
[The end-of-round signal sounds.]
...
(Alex: Steve has -$1900, but following our tradition in celebrity games, we'll turn that into a plus.)

New Orleans

Mike
    $200 20
(Alex: Minute to go.)

Cary Grant

Wendie
    $200 1
Bachelor of Arts

Wendie
    $400 13
(Mike: Who is Amadeus?)

Ludwig van Beethoven

Mike
Triple Stumper
    $400 17
(Wendie: Who is Margaret...[time]?)

Margaret Mitchell

Wendie
Triple Stumper
    $400 18
bonsai

Mike
    $400 14
Spencer Tracy

Mike
    $400 9
Declaration of Independence

Mike
    $400 2
Grand Old Party

Mike
    $3,000 15
(Mike: Who is King Henry... IV?)

Henry VIII

Mike
    $1,000 16
Sir Arthur Conan Doyle

Mike
    $600 19
(Mike: What is Iceland?)

Greenland

Mike
Triple Stumper
    $600 10
(Steve: What is "Lion in Winter?")

Mary, Queen of Scots

WendieSteve
    $600 6
Brown

Mike
    $600 3
Housing and Urban Development

Wendie
    $800 21
(Mike: Who is Baron von Richthofen?)

Manfred von Richthofen ("The Red Baron")

Mike
    $800 11
The African Queen

Mike
    $800 7
Narragansett Bay

Triple Stumper
    $800 4
(Steve: What is chairman...[time]?)

chief executive officer

WendieSteve
    $1000 22
(Steve: I have no idea, but I had to chime in; who is Jack the Ripper?)

Cyrus McCormick

MikeSteve
    $1000 12
The Lion in Winter

Wendie
    $1000 8
(Wendie: Who is Providence?)

Roger Williams

Wendie
Triple Stumper
    $1000 5
Federal Deposit Insurance Corporation

Mike

Scores at the end of the Double Jeopardy! Round:

Mike Wendie Steve
$6,400 $3,700 -$1,900

[wagering suggestions for these scores]

Final Jeopardy! Round responses

AMERICAN FOLKLORE
SteveWhat are bison
$1,900
WendieWhat is an oxe
$2,500
MikeWhat is Babe The Blue Ox?
$4,000
Babe the Blue Ox

Final scores:

Mike Wendie Steve
$10,400 $1,200 $0
Winner: $15,000 for Human Rights Watch & Death Penalty Focus 2nd place: $10,000 for A Drop in the Bucket 3rd place: $10,000 for Hale House (in Harlem)

Game dynamics:

Coryat scores:

Mike Wendie Steve
$9,000 $3,700 -$1,900
22 R
(including 1 DD),
4 W
(including 1 DD)
13 R,
4 W
2 R,
3 W

Combined Coryat: $10,800

The J! Archive is created by fans, for fans. The Jeopardy! game show and all elements thereof, including but not limited to copyright and trademark thereto, are the property of Jeopardy Productions, Inc. and are protected under law. This website is not affiliated with, sponsored by, or operated by Jeopardy Productions, Inc. Join the discussion at JBoard.tv.